Novozákonní apokryfy III Proroctví a apokalypsy

Bibliographic Details
Other Authors: Dus, Jan Amos, 1966- (Compiler)
Format: Book
Language:Czech
Greek, Ancient (to 1453)
Latin
Coptic
Syriac, Modern
PhysicalDescription:563 s., [8] s. fareb. obr. príl. ilustr., portr. 22 cm
Published: Praha Vyšehrad 2007
ISBN:9788070218143 (viaz. : zv. 3)
Edition:Vyd. 1.
Series:Knihovna rané křesťanské literatury
Subjects:

MARC

LEADER 00000cam a2200000 a 4500
001 vtls008958308
003 SK-MaSNL
005 20260301210205.0
008 251029s2007 xr oc g 001 0dcze
020 |a 9788070218143 (viaz. : zv. 3) 
040 |a SNK  |b slo  |c SNK  |e AACR2 
041 1 |a cze  |h grc  |h lat  |h cop  |h syr 
044 |a xr  |c CZ 
072 7 |a 2-23/-27  |x Biblia. Biblistika  |2 konspekt 
080 |a 27-252  |2 2001 
080 |a (0:82-9)  |2 2001 
080 |a (0.072)  |2 2001 
080 |a 27-232/-236  |2 2001 
080 |a 27-27  |2 2001 
080 |a 27-175.2  |2 2001 
080 |a 27-234  |2 2001 
130 0 |a Biblia.  |p N. Z.  |p Apokryfné knihy  |l Česky  |9 593354 
245 1 0 |a Novozákonní apokryfy  |n III  |p Proroctví a apokalypsy  |c uspořádal Jan A. Dus 
246 3 0 |a Proroctví a apokalypsy 
250 |a Vyd. 1. 
260 |a Praha  |b Vyšehrad  |c 2007 
300 |a 563 s., [8] s. fareb. obr. príl.  |b ilustr., portr.  |c 22 cm 
490 1 |a Knihovna rané křesťanské literatury  |v sv. 3 
500 |a Prel. z gréc., lat., koptských a sýrskych orig. 
504 |a Obsahuje bibliogr., bibliogr. odkazy 
630 0 7 |a Biblia  |p Apokryfné knihy  |2 SNKPH  |9 79013 
630 0 7 |a Bible  |p Apocryphal books  |2 SNKPHeng  |9 165686 
650 0 7 |a novozákonné apokryfy  |2 SNKPH  |9 79010 
650 0 7 |a biblické texty  |2 SNKPH  |9 1917 
650 0 7 |a biblistika  |2 SNKPH  |9 1798 
650 0 7 |a biblické preklady  |2 SNKPH  |9 66591 
650 0 7 |a apokalyptika  |2 SNKPH  |9 66920 
650 0 7 |a Apocryphal books (New Testament)  |2 SNKPHeng  |9 474399 
650 0 7 |a Biblical texts  |2 SNKPHeng  |9 265584 
650 0 7 |a Apocalyptic thought  |2 SNKPHeng  |9 366802 
650 0 7 |a Biblistics  |2 SNKPHeng  |9 294649 
650 0 7 |a Biblical translations  |2 SNKPHeng  |9 302901 
655 7 |a texty  |2 SNKPH  |9 70511 
655 7 |a komentované vydanie  |2 SNKPH  |9 70501 
655 7 |a Texts  |2 SNKPHeng  |9 302902 
655 7 |a Annotated editions  |2 SNKPHeng  |9 279301 
700 1 |a Dus, Jan Amos,  |d 1966-  |4 com  |9 79011 
830 0 |a Knihovna rané křesťanské literatury  |9 587761 
919 |a 978-80-7021-814-3 (zv. 3) 
999 |c 912810  |d 914740 
952 |a SNK  |b SNK  |y VYP  |7 0  |p 17A0578309  |o snkIC 131046/3  |i snk2008/3658  |8 2  |g 18.89  |0 0  |1 0  |4 0  |d 2007-12-13  |l 0  |r 2026-02-24 07:49:09  |w 2026-02-24